[Event "DEM U16 2025"]
[Site "Willingen GER"]
[Date "2025.06.12"]
[Round "7"]
[White "Lu, Yunong Elias"]
[Black "Marcziter, Alex"]
[Result "1-0"]
[Termination "normal"]
[Board "7"]
[WhiteElo "2072"]
[BlackElo "2102"]
[WhiteClock "00:39:40"]
[BlackClock "00:23:15"]
[PlyCount "101"]
[WhiteFideId "16276426"]
[BlackFideId "16258126"]
[EventCountry "GER"]
[EventRounds "9"]
[EventType "swiss"]
[EventDate "2025.06.07"]

1. e4 {[%clk 01:30:49]} {[%emt 00:00:03]} d6 {[%clk 01:30:25]} {[%emt
00:00:43]} 2. Nf3 {[%clk 01:31:06]} {[%emt 00:00:13]} Nf6 {[%clk 01:29:47]}
{[%emt 00:01:08]} 3. Nc3 {[%clk 01:31:22]} {[%emt 00:00:14]} g6 {[%clk
01:28:46]} {[%emt 00:01:31]} 4. d4 {[%clk 01:31:24]} {[%emt 00:00:29]} Bg7
{[%clk 01:27:46]} {[%emt 00:01:29]} 5. Be2 {[%clk 01:29:04]} {[%emt 00:02:50]}
O-O {[%clk 01:26:38]} {[%emt 00:01:38]} 6. O-O {[%clk 01:29:29]} {[%emt
00:00:05]} c6 {[%clk 01:24:48]} {[%emt 00:02:20]} 7. Be3 {[%clk 01:29:30]}
{[%emt 00:00:29]} Nbd7 {[%clk 01:21:19]} {[%emt 00:03:58]} 8. h3 {[%clk
01:29:44]} {[%emt 00:00:18]} e5 {[%clk 01:19:23]} {[%emt 00:02:25]} 9. dxe5
{[%clk 01:29:03]} {[%emt 00:01:11]} dxe5 {[%clk 01:18:35]} {[%emt 00:01:17]}
10. Qd2 {[%clk 01:29:05]} {[%emt 00:00:29]} Qe7 {[%clk 01:14:22]} {[%emt
00:04:43]} 11. Rad1 {[%clk 01:27:45]} {[%emt 00:01:49]} Nc5 {[%clk 04:44:44]}
{[%emt 00:11:20]} 12. Bg5 {[%clk 01:21:59]} {[%emt 00:06:17]} Ne6 {[%clk
00:58:29]} {[%emt 00:05:34]} 13. Bh6 {[%clk 01:17:34]} {[%emt 00:04:55]} Nc5
{[%clk 00:45:12]} {[%emt 00:13:47]} 14. Bxg7 {[%clk 01:17:01]} {[%emt
00:01:02]} Kxg7 {[%clk 00:45:35]} {[%emt 00:00:07]} 15. Qe3 {[%clk 01:17:11]}
{[%emt 00:00:21]} b5 {[%clk 00:45:04]} {[%emt 00:01:01]} 16. b4 {[%clk
01:03:26]} {[%emt 00:14:15]} Ncd7 {[%clk 00:44:04]} {[%emt 00:01:31]} 17. Rb1
{[%clk 00:44:21]} {[%emt 00:19:35]} a5 {[%clk 00:42:37]} {[%emt 00:01:56]} 18.
a3 {[%clk 00:37:46]} {[%emt 00:07:05]} axb4 {[%clk 00:41:47]} {[%emt 00:01:20]}
19. axb4 {[%clk 00:35:38]} {[%emt 00:02:38]} Ra3 {[%clk 00:41:24]} {[%emt
00:00:52]} 20. Qd2 {[%clk 00:35:29]} {[%emt 00:00:40]} Nb6 {[%clk 00:40:23]}
{[%emt 00:01:30]} 21. Qe1 {[%clk 00:30:20]} {[%emt 00:05:40]} Nh5 {[%clk
00:39:26]} {[%emt 00:01:25]} 22. Nd1 {[%clk 00:29:36]} {[%emt 00:01:15]} Nf4
{[%clk 00:39:02]} {[%emt 00:00:53]} 23. Ne3 {[%clk 00:29:51]} {[%emt 00:00:16]}
Na4 {[%clk 00:38:47]} {[%emt 00:00:44]} 24. Bd1 {[%clk 00:25:54]} {[%emt
00:04:28]} Rd8 {[%clk 00:37:38]} {[%emt 00:01:38]} 25. Kh2 {[%clk 00:24:13]}
{[%emt 00:02:13]} Nc3 {[%clk 00:34:10]} {[%emt 00:03:58]} 26. Rb3 {[%clk
00:24:29]} {[%emt 00:00:14]} Rxb3 {[%clk 00:34:01]} {[%emt 00:00:39]} 27. cxb3
{[%clk 00:24:53]} {[%emt 00:00:05]} Nxd1 {[%clk 00:26:21]} {[%emt 00:08:10]}
28. Nxd1 {[%clk 00:25:18]} {[%emt 00:00:05]} Rd3 {[%clk 00:26:44]} {[%emt
00:00:08]} 29. Ne3 {[%clk 00:25:01]} {[%emt 00:00:47]} Rxb3 {[%clk 00:25:31]}
{[%emt 00:01:43]} 30. Qa1 {[%clk 00:24:24]} {[%emt 00:01:06]} f6 {[%clk
00:25:40]} {[%emt 00:00:21]} 31. Rc1 {[%clk 00:23:09]} {[%emt 00:01:46]} Qe6
{[%clk 00:21:17]} {[%emt 00:04:53]} 32. Qa7+ {[%clk 00:23:04]} {[%emt
00:00:36]} Bd7 {[%clk 00:20:45]} {[%emt 00:01:02]} 33. Qc7 {[%clk 00:20:16]}
{[%emt 00:03:18]} Rd3 {[%clk 00:18:14]} {[%emt 00:03:00]} 34. Ng1 {[%clk
00:19:39]} {[%emt 00:01:07]} Qd6 {[%clk 00:16:51]} {[%emt 00:01:54]} 35. Qb7
{[%clk 00:19:01]} {[%emt 00:01:07]} Qxb4 {[%clk 00:15:27]} {[%emt 00:01:53]}
36. Nd5 {[%clk 00:17:51]} {[%emt 00:01:41]} Qd6 {[%clk 00:13:58]} {[%emt
00:01:59]} 37. Nc7 {[%clk 00:17:58]} {[%emt 00:00:23]} Kh6 {[%clk 00:13:27]}
{[%emt 00:01:01]} 38. Na6 {[%clk 00:17:48]} {[%emt 00:00:40]} Ne6 {[%clk
00:12:49]} {[%emt 00:01:08]} 39. Nb8 {[%clk 00:17:59]} {[%emt 00:00:19]} c5
{[%clk 00:12:17]} {[%emt 00:01:02]} 40. Nf3 {[%clk 00:17:29]} {[%emt 00:01:00]}
c4 {[%clk 00:10:34]} {[%emt 00:02:13]} 41. Ne1 {[%clk 00:17:28]} {[%emt
00:00:32]} Nc5 {[%clk 00:10:05]} {[%emt 00:00:59]} 42. Qa7 {[%clk 00:17:53]}
{[%emt 00:00:05]} Rd2 {[%clk 00:09:44]} {[%emt 00:00:51]} 43. Nf3 {[%clk
00:18:09]} {[%emt 00:00:14]} Re2 {[%clk 00:08:35]} {[%emt 00:01:38]} 44. Rd1
{[%clk 00:17:58]} {[%emt 00:00:41]} Qxd1 {[%clk 00:08:45]} {[%emt 00:00:20]}
45. Qxc5 {[%clk 00:18:24]} {[%emt 00:00:04]} Bc8 {[%clk 00:22:18]} {[%emt
00:16:57]} 46. Qf8+ {[%clk 00:41:24]} {[%emt 00:07:29]} Kh5 {[%clk 00:22:41]}
{[%emt 00:00:07]} 47. Qxf6 {[%clk 00:40:53]} {[%emt 00:01:02]} Kh6 {[%clk
00:23:06]} {[%emt 00:00:05]} 48. Qf8+ {[%clk 00:41:18]} {[%emt 00:00:05]} Kh5
{[%clk 00:23:28]} {[%emt 00:00:07]} 49. Qg7 {[%clk 00:39:26]} {[%emt 00:02:22]}
Bxh3 {[%clk 00:22:51]} {[%emt 00:01:07]} 50. Qxh7+ {[%clk 00:39:40]} {[%emt
00:00:17]} Kg4 {[%clk 00:23:15]} {[%emt 00:00:06]} 51. Qh4# {[%emt 00:00:07]}
1-0

[Event "DEM U16 2025"]
[Site "Willingen GER"]
[Date "2025.06.12"]
[Round "7"]
[White "Nönnig, Jakob"]
[Black "Skembris, Simon Max"]
[Result "1-0"]
[Termination "normal"]
[Board "8"]
[BlackTitle "CM"]
[WhiteElo "2096"]
[BlackElo "2199"]
[WhiteClock "00:03:39"]
[BlackClock "00:05:02"]
[PlyCount "93"]
[WhiteFideId "16289447"]
[BlackFideId "16281381"]
[EventCountry "GER"]
[EventRounds "9"]
[EventType "swiss"]
[EventDate "2025.06.07"]

1. e4 {[%clk 01:30:58]} {[%emt 00:00:02]} e5 {[%clk 01:30:53]} {[%emt
00:00:08]} 2. Nf3 {[%clk 01:31:16]} {[%emt 00:00:11]} Nf6 {[%clk 01:31:18]}
{[%emt 00:00:06]} 3. d4 {[%clk 01:31:37]} {[%emt 00:00:09]} Nxe4 {[%clk
01:31:25]} {[%emt 00:00:23]} 4. Bd3 {[%clk 01:31:59]} {[%emt 00:00:07]} d5
{[%clk 01:31:48]} {[%emt 00:00:07]} 5. Nxe5 {[%clk 01:32:22]} {[%emt 00:00:07]}
Nd7 {[%clk 01:32:14]} {[%emt 00:00:04]} 6. Nc3 {[%clk 01:32:22]} {[%emt
00:00:31]} Nxe5 {[%clk 01:23:04]} {[%emt 00:09:40]} 7. dxe5 {[%clk 01:32:32]}
{[%emt 00:00:20]} Nc5 {[%clk 01:22:57]} {[%emt 00:00:37]} 8. f4 {[%clk
01:22:07]} {[%emt 00:10:54]} Nxd3+ {[%clk 01:15:19]} {[%emt 00:08:10]} 9. Qxd3
{[%clk 01:22:25]} {[%emt 00:00:11]} c6 {[%clk 01:15:04]} {[%emt 00:00:44]} 10.
Be3 {[%clk 01:19:09]} {[%emt 00:03:46]} g6 {[%clk 01:13:36]} {[%emt 00:02:00]}
11. O-O-O {[%clk 01:16:57]} {[%emt 00:02:42]} Bf5 {[%clk 01:07:48]} {[%emt
00:06:18]} 12. Qd4 {[%clk 01:16:13]} {[%emt 00:01:13]} Bg7 {[%clk 01:07:11]}
{[%emt 00:01:07]} 13. Qc5 {[%clk 00:49:32]} {[%emt 00:27:11]} Qe7 {[%clk
01:04:34]} {[%emt 00:03:07]} 14. Qa5 {[%clk 00:48:42]} {[%emt 00:01:20]} O-O
{[%clk 00:53:08]} {[%emt 00:11:56]} 15. Bc5 {[%clk 00:39:40]} {[%emt 00:09:32]}
Qd8 {[%clk 00:50:03]} {[%emt 00:03:36]} 16. Qb4 {[%clk 00:36:30]} {[%emt
00:03:39]} b6 {[%clk 00:49:01]} {[%emt 00:01:32]} 17. Bxf8 {[%clk 00:36:37]}
{[%emt 00:00:23]} Bxf8 {[%clk 00:49:11]} {[%emt 00:00:20]} 18. Qd4 {[%clk
00:29:44]} {[%emt 00:07:22]} Bc5 {[%clk 00:49:05]} {[%emt 00:00:36]} 19. Qd2
{[%clk 00:29:55]} {[%emt 00:00:17]} b5 {[%clk 00:47:12]} {[%emt 00:02:25]} 20.
Ne2 {[%clk 00:27:06]} {[%emt 00:03:18]} Qb6 {[%clk 00:45:16]} {[%emt 00:02:25]}
21. Kb1 {[%clk 00:19:39]} {[%emt 00:07:58]} Be3 {[%clk 00:42:13]} {[%emt
00:03:33]} 22. Qe1 {[%clk 00:19:32]} {[%emt 00:00:37]} Be4 {[%clk 00:30:58]}
{[%emt 00:11:45]} 23. f5 {[%clk 00:08:33]} {[%emt 00:11:29]} Bxf5 {[%clk
00:27:44]} {[%emt 00:03:44]} 24. Rf1 {[%clk 00:06:15]} {[%emt 00:02:48]} Be6
{[%clk 00:24:37]} {[%emt 00:03:38]} 25. Nf4 {[%clk 00:05:46]} {[%emt 00:00:58]}
Bg4 {[%emt 00:01:40]} 26. Rd3 {[%clk 00:05:59]} {[%emt 00:00:14]} d4 {[%clk
00:23:46]} {[%emt 00:00:14]} 27. Qh4 {[%clk 00:04:24]} {[%emt 00:02:05]} Bf5
{[%clk 00:19:01]} {[%emt 00:05:16]} 28. Nh5 {[%clk 00:04:47]} {[%emt 00:00:06]}
g5 {[%clk 00:19:01]} {[%emt 00:00:30]} 29. Nf6+ {[%clk 00:03:20]} {[%emt
00:01:56]} Kg7 {[%clk 00:19:15]} {[%emt 00:00:17]} 30. Qh5 {[%clk 00:02:25]}
{[%emt 00:01:25]} Bg6 {[%clk 00:19:28]} {[%emt 00:00:18]} 31. Qf3 {[%clk
00:01:53]} {[%emt 00:01:02]} Qc5 {[%clk 00:15:53]} {[%emt 00:04:04]} 32. Ng4
{[%clk 00:01:08]} {[%emt 00:01:14]} Qe7 {[%clk 00:13:29]} {[%emt 00:02:55]} 33.
Qxc6 {[%clk 00:01:17]} {[%emt 00:00:22]} Rd8 {[%clk 00:12:29]} {[%emt
00:01:30]} 34. Qxb5 {[%clk 00:00:47]} {[%emt 00:01:00]} Bf4 {[%clk 00:10:33]}
{[%emt 00:02:25]} 35. g3 {[%clk 00:00:40]} {[%emt 00:00:37]} h5 {[%clk
00:10:50]} {[%emt 00:00:12]} 36. gxf4 {[%clk 00:00:41]} {[%emt 00:00:31]} Bxd3
{[%clk 00:11:09]} {[%emt 00:00:11]} 37. Qxd3 {[%clk 00:00:48]} {[%emt
00:00:23]} hxg4 {[%clk 00:11:32]} {[%emt 00:00:06]} 38. Qf5 {[%clk 00:01:10]}
{[%emt 00:00:08]} Rh8 {[%clk 00:09:48]} {[%emt 00:02:13]} 39. Qxg4 {[%clk
00:00:55]} {[%emt 00:00:46]} Rxh2 {[%clk 00:06:55]} {[%emt 00:03:24]} 40. f5
{[%clk 00:01:18]} {[%emt 00:00:07]} Qxe5 {[%clk 00:06:04]} {[%emt 00:01:21]}
41. Qxg5+ {[%clk 00:01:30]} {[%emt 00:00:17]} Kf8 {[%clk 00:04:05]} {[%emt
00:02:29]} 42. Qd8+ {[%clk 00:01:31]} {[%emt 00:00:29]} Kg7 {[%clk 00:04:11]}
{[%emt 00:00:25]} 43. Rg1+ {[%clk 00:01:55]} {[%emt 00:00:06]} Kh7 {[%clk
00:03:57]} {[%emt 00:00:44]} 44. Qg8+ {[%clk 00:02:21]} {[%emt 00:00:03]} Kh6
{[%clk 00:04:23]} {[%emt 00:00:04]} 45. Qf8+ {[%clk 00:02:49]} {[%emt
00:00:03]} Kh5 {[%clk 00:04:38]} {[%emt 00:00:14]} 46. Qxf7+ {[%clk 00:03:13]}
{[%emt 00:00:06]} Kh4 {[%clk 00:05:02]} {[%emt 00:00:06]} 47. Qh7# {[%clk
00:03:39]} {[%emt 00:00:04]} 1-0

[Event "DEM U16 2025"]
[Site "Willingen GER"]
[Date "2025.06.12"]
[Round "7"]
[White "Burkart, Lloyd Shang"]
[Black "Bangert, Jonas"]
[Result "1-0"]
[Termination "normal"]
[Board "9"]
[WhiteElo "2082"]
[BlackElo "1969"]
[WhiteClock "00:12:48"]
[BlackClock "00:12:31"]
[PlyCount "95"]
[WhiteFideId "16239059"]
[BlackFideId "16289650"]
[EventCountry "GER"]
[EventRounds "9"]
[EventType "swiss"]
[EventDate "2025.06.07"]

1. d4 {[%clk 01:30:49]} {[%emt 00:00:10]} Nf6 {[%clk 01:30:52]} {[%emt
00:00:09]} 2. Nf3 {[%clk 01:31:04]} {[%emt 00:00:16]} e6 {[%emt 00:00:15]} 3.
g3 d5 4. Bg2 Be7 5. O-O O-O 6. c4 c6 7. b3 Nbd7 8. Qc2 b6 9. Rd1 Bb7 10. Nc3
{[%clk 01:31:29]} Rc8 {[%clk 00:58:33]} {[%emt 00:44:36]} 11. e4 {[%clk
01:18:52]} {[%emt 00:08:39]} dxe4 {[%clk 00:38:27]} {[%emt 00:20:37]} 12. Nxe4
{[%clk 01:19:03]} {[%emt 00:00:18]} Nxe4 {[%clk 00:38:01]} {[%emt 00:00:57]}
13. Qxe4 {[%clk 01:19:25]} {[%emt 00:00:07]} Nf6 {[%clk 00:36:39]} {[%emt
00:01:52]} 14. Qe2 {[%clk 01:18:45]} {[%emt 00:01:06]} Bd6 {[%clk 00:32:11]}
{[%emt 00:05:02]} 15. Ne5 {[%clk 01:05:13]} {[%emt 00:14:01]} Qe7 {[%clk
00:29:15]} {[%emt 00:03:26]} 16. Bg5 {[%clk 01:03:42]} {[%emt 00:02:00]} h6
{[%clk 00:13:06]} {[%emt 00:16:41]} 17. Bxf6 {[%clk 01:02:03]} {[%emt
00:02:08]} gxf6 {[%clk 00:13:26]} {[%emt 00:00:10]} 18. Ng4 {[%clk 01:01:35]}
{[%emt 00:00:56]} Kg7 {[%clk 00:13:03]} {[%emt 00:00:55]} 19. Rd3 {[%clk
00:48:38]} {[%emt 00:13:26]} f5 {[%clk 00:07:03]} {[%emt 00:06:30]} 20. Ne5
{[%clk 00:47:18]} {[%emt 00:01:50]} Bxe5 {[%clk 00:06:57]} {[%emt 00:00:37]}
21. dxe5 {[%clk 00:46:43]} {[%emt 00:01:04]} c5 {[%clk 00:01:00]} {[%emt
00:06:27]} 22. Rad1 {[%clk 00:45:32]} {[%emt 00:01:41]} Bxg2 {[%clk 00:01:20]}
{[%emt 00:00:11]} 23. Rd7 {[%clk 00:45:01]} {[%emt 00:01:00]} Qxd7 {[%clk
00:00:48]} {[%emt 00:01:03]} 24. Rxd7 {[%clk 00:45:18]} {[%emt 00:00:13]} Bc6
{[%clk 00:00:51]} {[%emt 00:00:26]} 25. Rxa7 {[%clk 00:18:39]} {[%emt
00:27:10]} Rcd8 {[%clk 00:00:54]} {[%emt 00:00:27]} 26. Ra6 {[%clk 00:18:33]}
{[%emt 00:00:36]} Rd4 {[%clk 00:00:46]} {[%emt 00:00:39]} 27. Rxb6 {[%clk
00:18:05]} {[%emt 00:00:57]} Ba8 {[%clk 00:00:49]} {[%emt 00:00:26]} 28. Rd6
{[%clk 00:17:59]} {[%emt 00:00:36]} Re4 {[%clk 00:00:50]} {[%emt 00:00:30]} 29.
Qd2 {[%clk 00:13:45]} {[%emt 00:04:43]} Rxe5 {[%clk 00:00:53]} {[%emt
00:00:27]} 30. f3 {[%clk 00:07:31]} {[%emt 00:06:44]} f6 {[%clk 00:00:38]}
{[%emt 00:00:46]} 31. Kf2 {[%clk 00:07:36]} {[%emt 00:00:24]} f4 {[%clk
00:00:36]} {[%emt 00:00:32]} 32. Rd7+ {[%clk 00:04:11]} {[%emt 00:03:55]} Kg6
{[%clk 00:00:35]} {[%emt 00:00:32]} 33. Qxf4 {[%clk 00:03:28]} {[%emt
00:01:12]} Bxf3 {[%clk 00:00:36]} {[%emt 00:00:30]} 34. Qxf3 {[%clk 00:01:41]}
{[%emt 00:02:17]} Rf5 {[%clk 00:01:00]} {[%emt 00:00:06]} 35. Rc7 {[%clk
00:00:55]} {[%emt 00:01:15]} Rxf3+ {[%clk 00:01:18]} {[%emt 00:00:12]} 36. Kxf3
{[%clk 00:01:21]} {[%emt 00:00:04]} Ra8 {[%clk 00:01:24]} {[%emt 00:00:25]} 37.
Rxc5 {[%clk 00:01:32]} {[%emt 00:00:19]} Rxa2 {[%clk 00:01:49]} {[%emt
00:00:05]} 38. h3 {[%clk 00:00:47]} {[%emt 00:01:13]} Rc2 {[%clk 00:01:33]}
{[%emt 00:00:46]} 39. b4 {[%clk 00:00:47]} {[%emt 00:00:30]} Rc3+ {[%clk
00:01:48]} {[%emt 00:00:15]} 40. Kf2 {[%clk 00:00:46]} {[%emt 00:00:31]} Rc2+
{[%clk 00:00:44]} {[%emt 00:01:35]} 41. Ke1 {[%clk 00:26:45]} {[%emt 00:04:29]}
e5 {[%clk 00:24:58]} {[%emt 00:06:17]} 42. b5 {[%clk 00:26:45]} {[%emt
00:00:29]} Rb2 {[%clk 00:24:33]} {[%emt 00:00:54]} 43. Rc6 {[%clk 00:22:31]}
{[%emt 00:04:44]} Kf5 {[%clk 00:20:24]} {[%emt 00:04:39]} 44. b6 {[%clk
00:15:29]} {[%emt 00:07:32]} e4 {[%clk 00:11:44]} {[%emt 00:09:11]} 45. Rc5+
{[%clk 00:14:07]} {[%emt 00:01:52]} Ke6 {[%clk 00:12:06]} {[%emt 00:00:08]} 46.
Rb5 {[%clk 00:13:53]} {[%emt 00:00:44]} Rxb5 {[%clk 00:12:31]} {[%emt
00:00:06]} 47. cxb5 {[%clk 00:14:20]} {[%emt 00:00:04]} Kd7 {[%emt 00:00:05]}
48. g4 {[%clk 00:12:48]} {[%emt 00:02:01]} 1-0

[Event "DEM U16 2025"]
[Site "Willingen GER"]
[Date "2025.06.12"]
[Round "7"]
[White "Helms, Finn"]
[Black "Riechenberg, Sebastian"]
[Result "1-0"]
[Termination "normal"]
[Board "10"]
[WhiteElo "2153"]
[BlackElo "2101"]
[WhiteClock "00:07:06"]
[BlackClock "00:14:42"]
[PlyCount "73"]
[WhiteFideId "16249143"]
[BlackFideId "34605231"]
[EventCountry "GER"]
[EventRounds "9"]
[EventType "swiss"]
[EventDate "2025.06.07"]

1. e4 {[%clk 01:30:59]} {[%emt 00:00:01]} c5 {[%clk 01:30:29]} {[%emt
00:00:31]} 2. Nf3 {[%clk 01:31:25]} {[%emt 00:00:04]} d6 {[%clk 01:30:51]}
{[%emt 00:00:08]} 3. d4 {[%clk 01:31:50]} {[%emt 00:00:04]} cxd4 {[%clk
01:31:19]} {[%emt 00:00:02]} 4. Nxd4 {[%clk 01:32:16]} {[%emt 00:00:04]} Nf6
{[%clk 01:31:37]} {[%emt 00:00:13]} 5. Nc3 {[%clk 01:32:42]} {[%emt 00:00:04]}
a6 {[%clk 01:31:45]} {[%emt 00:00:22]} 6. f3 {[%clk 01:33:02]} {[%emt
00:00:10]} e5 {[%clk 01:32:11]} {[%emt 00:00:04]} 7. Nb3 {[%clk 01:33:29]}
{[%emt 00:00:04]} Be6 {[%clk 01:32:36]} {[%emt 00:00:04]} 8. Be3 {[%clk
01:33:54]} {[%emt 00:00:04]} h5 {[%clk 01:33:02]} {[%emt 00:00:04]} 9. Qd2
{[%clk 01:32:44]} {[%emt 00:01:42]} Nbd7 {[%clk 01:33:26]} {[%emt 00:00:05]}
10. O-O-O {[%clk 01:32:23]} {[%emt 00:00:51]} Be7 {[%clk 01:32:35]} {[%emt
00:01:21]} 11. Kb1 {[%clk 01:31:37]} {[%emt 00:01:16]} Rc8 {[%clk 01:33:00]}
{[%emt 00:00:05]} 12. h3 {[%clk 01:30:28]} {[%emt 00:01:38]} Qc7 {[%clk
01:27:00]} {[%emt 00:06:30]} 13. Bd3 {[%clk 01:24:29]} {[%emt 00:06:30]} h4
{[%clk 01:26:40]} {[%emt 00:00:49]} 14. f4 {[%clk 01:24:08]} {[%emt 00:00:50]}
b5 {[%clk 01:20:51]} {[%emt 00:06:19]} 15. Rhe1 {[%clk 01:22:30]} {[%emt
00:02:08]} Nb6 {[%clk 01:09:38]} {[%emt 00:11:44]} 16. Bxb6 {[%clk 01:03:17]}
{[%emt 00:19:43]} Qxb6 {[%clk 01:09:49]} {[%emt 00:00:19]} 17. Nd5 {[%clk
01:03:20]} {[%emt 00:00:27]} Qd8 {[%clk 01:04:12]} {[%emt 00:06:07]} 18. Qe3
{[%clk 00:48:52]} {[%emt 00:14:58]} Nd7 {[%clk 00:49:48]} {[%emt 00:14:54]} 19.
Be2 {[%clk 00:46:36]} {[%emt 00:02:45]} O-O {[%clk 00:42:08]} {[%emt 00:08:11]}
20. Bg4 {[%clk 00:37:30]} {[%emt 00:09:36]} Bxg4 {[%clk 00:40:46]} {[%emt
00:01:52]} 21. hxg4 {[%clk 00:37:34]} {[%emt 00:00:26]} exf4 {[%clk 00:39:26]}
{[%emt 00:01:50]} 22. Qxf4 {[%clk 00:36:48]} {[%emt 00:01:16]} Ne5 {[%clk
00:39:26]} {[%emt 00:00:29]} 23. Qf5 {[%clk 00:32:37]} {[%emt 00:04:42]} Bg5
{[%clk 00:38:32]} {[%emt 00:01:24]} 24. Rf1 {[%clk 00:31:23]} {[%emt 00:01:44]}
Nc4 {[%clk 00:36:30]} {[%emt 00:02:31]} 25. g3 {[%clk 00:28:06]} {[%emt
00:03:48]} g6 {[%clk 00:32:12]} {[%emt 00:04:49]} 26. Qf2 {[%emt 00:04:31]} a5
27. gxh4 {[%clk 00:21:08]} {[%emt 00:05:24]} Bxh4 {[%clk 00:30:50]} {[%emt
00:00:25]} 28. Qh2 {[%clk 00:19:16]} {[%emt 00:02:21]} Kg7 {[%clk 00:29:21]}
{[%emt 00:01:59]} 29. Nd4 {[%clk 00:17:37]} {[%emt 00:02:10]} Bg5 {[%clk
00:25:27]} {[%emt 00:04:24]} 30. Nf3 {[%clk 00:09:08]} {[%emt 00:08:59]} Bf6
{[%clk 00:19:23]} {[%emt 00:06:34]} 31. g5 {[%clk 00:07:11]} {[%emt 00:02:27]}
Bxb2 {[%clk 00:17:38]} {[%emt 00:02:15]} 32. Qh6+ {[%clk 00:07:33]} {[%emt
00:00:08]} Kg8 {[%clk 00:18:05]} {[%emt 00:00:02]} 33. Rh1 {[%clk 00:06:32]}
{[%emt 00:01:31]} Re8 {[%clk 00:18:15]} {[%emt 00:00:20]} 34. e5 {[%clk
00:06:41]} {[%emt 00:00:22]} Bxe5 {[%clk 00:13:59]} {[%emt 00:04:46]} 35. Nxe5
{[%clk 00:06:37]} {[%emt 00:00:34]} Na3+ {[%clk 00:14:18]} {[%emt 00:00:11]}
36. Ka1 {[%clk 00:06:47]} {[%emt 00:00:19]} Nxc2+ {[%clk 00:14:42]} {[%emt
00:00:06]} 37. Kb2 {[%clk 00:07:06]} {[%emt 00:00:12]} 1-0

[Event "DEM U16 2025"]
[Site "Willingen GER"]
[Date "2025.06.12"]
[Round "7"]
[White "Weber, Nikita"]
[Black "Steger, Lukas Daniel"]
[Result "1-0"]
[Termination "normal"]
[Board "11"]
[WhiteElo "2074"]
[BlackElo "2135"]
[WhiteClock "00:27:40"]
[BlackClock "00:03:17"]
[PlyCount "49"]
[WhiteFideId "34608770"]
[BlackFideId "3335151"]
[EventCountry "GER"]
[EventRounds "9"]
[EventType "swiss"]
[EventDate "2025.06.07"]

1. d4 {[%clk 01:30:58]} {[%emt 00:00:01]} d5 {[%clk 01:30:53]} {[%emt
00:00:07]} 2. c4 {[%clk 01:31:20]} {[%emt 00:00:08]} e6 {[%clk 01:31:16]}
{[%emt 00:00:07]} 3. Nf3 {[%clk 01:31:44]} {[%emt 00:00:06]} Nf6 {[%clk
01:31:37]} {[%emt 00:00:09]} 4. g3 {[%clk 01:32:12]} {[%emt 00:00:01]} dxc4
{[%clk 01:31:49]} {[%emt 00:00:19]} 5. Bg2 {[%clk 01:32:33]} {[%emt 00:00:09]}
c5 {[%clk 01:32:08]} {[%emt 00:00:10]} 6. Ne5 {[%clk 01:32:58]} {[%emt
00:00:06]} Qxd4 {[%clk 01:11:03]} {[%emt 00:21:35]} 7. Qxd4 {[%clk 01:33:01]}
{[%emt 00:00:27]} cxd4 {[%clk 01:11:24]} {[%emt 00:00:09]} 8. O-O {[%clk
01:32:28]} {[%emt 00:01:03]} Bc5 {[%clk 01:02:05]} {[%emt 00:09:49]} 9. Nxc4
{[%clk 01:31:32]} {[%emt 00:01:27]} Nc6 {[%clk 00:51:01]} {[%emt 00:11:34]} 10.
Nbd2 {[%clk 01:30:16]} {[%emt 00:01:46]} O-O {[%clk 00:35:39]} {[%emt
00:15:52]} 11. Nb3 {[%clk 01:30:05]} {[%emt 00:00:41]} Bb6 {[%clk 00:33:34]}
{[%emt 00:02:35]} 12. Rd1 {[%clk 01:28:28]} {[%emt 00:02:06]} Rd8 {[%clk
00:27:40]} {[%emt 00:06:24]} 13. Bf4 {[%clk 01:28:05]} {[%emt 00:00:53]} d3
{[%clk 00:18:10]} {[%emt 00:10:00]} 14. exd3 {[%clk 01:23:36]} {[%emt
00:05:00]} Bd4 {[%clk 00:16:32]} {[%emt 00:02:08]} 15. Bxc6 {[%clk 01:10:44]}
{[%emt 00:13:22]} bxc6 {[%clk 00:16:39]} {[%emt 00:00:23]} 16. Nba5 {[%clk
00:56:42]} {[%emt 00:14:32]} c5 {[%clk 00:15:10]} {[%emt 00:01:58]} 17. Nc6
{[%clk 00:55:14]} {[%emt 00:01:59]} Rd7 {[%clk 00:14:29]} {[%emt 00:01:11]} 18.
N4e5 {[%clk 00:52:27]} {[%emt 00:03:17]} Rb7 {[%clk 00:13:56]} {[%emt
00:01:03]} 19. Nxd4 {[%clk 00:49:12]} {[%emt 00:03:45]} cxd4 {[%clk 00:14:25]}
{[%emt 00:00:02]} 20. Nc4 {[%clk 00:43:51]} {[%emt 00:05:51]} Nd7 {[%clk
00:14:32]} {[%emt 00:00:22]} 21. Rac1 {[%clk 00:43:07]} {[%emt 00:01:15]} e5
{[%clk 00:14:15]} {[%emt 00:00:47]} 22. Re1 {[%clk 00:27:39]} {[%emt 00:15:58]}
exf4 {[%clk 00:06:28]} {[%emt 00:08:17]} 23. Re8+ {[%clk 00:27:18]} {[%emt
00:00:51]} Nf8 {[%clk 00:06:54]} {[%emt 00:00:04]} 24. Nd6 {[%clk 00:27:44]}
{[%emt 00:00:04]} Rbb8 {[%clk 00:03:17]} {[%emt 00:04:07]} 25. Rcxc8 {[%clk
00:27:40]} {[%emt 00:00:34]} 1-0